Normal view
MARC view
- Gale, Richard Nelson
Entry Personal Name
001 - CONTROL NUMBER
- control field: 49110
003 - CONTROL NUMBER IDENTIFIER
- control field: NUST
005 - DATE AND TIME OF LATEST TRANSACTION
- control field: 20210314134244.0
008 - FIXED-LENGTH DATA ELEMENTS
- fixed length control field: 210314|| aca||aabn | a|a d
040 ## - CATALOGING SOURCE
- Original cataloging agency: NUST
- Transcribing agency: NUST
100 ## - HEADING--PERSONAL NAME
- Personal name: Gale, Richard Nelson
670 ## - SOURCE DATA FOUND
- Source citation: Work cat.: (NUST): Gale, Richard Nelson,, With the 6th airborne division in Normandy., [1948]
